Statistics for NFL Coaches by Picture

Click here to take the quiz!

General Stats

  • This quiz has been taken 55 times
  • The average score is 23 of 32

Answer Stats

Answer% Correct
Bill Belichick
96%
John Harbaugh
96%
Andy Reid
90%
Mike McDaniel
88%
Mike Tomlin
88%
Pete Carroll
88%
Kyle Shanahan
87%
Sean McVay
85%
Sean Payton
85%
Mike McCarthy
83%
Dan Campbell
81%
Ron Rivera
81%
Sean McDermott
79%
Doug Pederson
77%
Matt LaFleur
75%
Mike Vrabel
75%
Nick Sirianni
75%
Zac Taylor
75%
Brian Daboll
73%
Robert Saleh
73%
Arthur Smith
67%
DeMeco Ryans
63%
Kevin Stefanski
63%
Josh McDaniels
62%
Todd Bowles
60%
Brandon Staley
58%
Frank Reich
58%
Kevin O'Connell
50%
Dennis Allen
46%
Jonathan Gannon
46%
Matt Eberflus
44%
Shane Steichen
42%

Score Distribution

Percentile by Number Answered

Percent of People with Each Score

Your Score History

You have not taken this quiz